भारतीय माध्यमिक शिक्षा का 21वीं शताब्दी में दिव्यदर्शन / (Record no. 53842)

MARC details
000 -LEADER
fixed length control field 01399nam a22002897a 4500
005 - DATE AND TIME OF LATEST TRANSACTION
control field 20080905121451.0
008 - FIXED-LENGTH DATA ELEMENTS--GENERAL INFORMATION
fixed length control field 110608t xxu||||| |||| 00| 0 hin d
010 ## - LCCN (DPL NO)
LC control number HIN-93162
020 ## - INTERNATIONAL STANDARD BOOK NUMBER
Terms of availability 180.00
International Standard Book Number 9788175415775
035 ## - SYSTEM CONTROL NUMBER
System control number HN-65508
037 ## - SOURCE OF ACQUISITION
Source of stock number/acquisition DBAD / PUB
040 ## - CATALOGING SOURCE
Original cataloging agency DPL
Language of cataloging HN
082 ## - DEWEY DECIMAL CLASSIFICATION NUMBER
Classification number 373.09
100 ## - MAIN ENTRY--PERSONAL NAME
9 (RLIN) 28442
Personal name अग्रवाल, जे.सी.
245 ## - TITLE STATEMENT
Title भारतीय माध्यमिक शिक्षा का 21वीं शताब्दी में दिव्यदर्शन /
Statement of responsibility, etc जे.सी. अग्रवाल एवं एस.गुप्ता
260 ## - PUBLICATION, DISTRIBUTION, ETC. (IMPRINT)
Place of publication, distribution, etc दिल्ली
Name of publisher, distributor, etc शिप्रा पब्लिकेशन्स
Date of publication, distribution, etc 2011
270 ## - ADDRESS
Address HO:LG 18-19,पंकज सेन्टर मार्किट, पटपड़गंज,आई.पी.एक्टेशन
City दिल्ली
Postal code 110092
Telephone number 91-11-2223 5152
Electronic mail address info@shiprapublication.com
300 ## - PHYSICAL DESCRIPTION
Extent xii,308पृ.
Dimensions 22सेमी (अजिल्द)
650 ## - SUBJECT ADDED ENTRY--TOPICAL TERM
9 (RLIN) 28443
650 ## - SUBJECT ADDED ENTRY--TOPICAL TERM
9 (RLIN) 28455
700 ## - ADDED ENTRY--PERSONAL NAME
9 (RLIN) 28521
Personal name गुप्ता, एस.
700 ## - ADDED ENTRY--PERSONAL NAME
9 (RLIN) 29532
700 ## - ADDED ENTRY--PERSONAL NAME
9 (RLIN) 29533
700 ## - ADDED ENTRY--PERSONAL NAME
9 (RLIN) 29534
942 ## - ADDED ENTRY ELEMENTS (KOHA)
Institution code [OBSOLETE] dpl
Item type Hindi Books
Source of classification or shelving scheme Dewey Decimal Classification
Call number suffix अग्रवा
Classification part 373.09
Holdings
Withdrawn status Lost status Source of classification or shelving scheme Damaged status Not for loan Collection code Home library Current library Date acquired Source of acquisition Cost, normal purchase price Total Checkouts Full call number Barcode Date last seen Copy number Cost, replacement price Koha item type
    Dewey Decimal Classification   Not For Loan Non-fiction D.B.Act.Division D.B.Act.Division 13/07/2011 DBAD / PUB 180.00   373.09 अग्रवा HN-65508 13/07/2011 1 180.00 Hindi Books

© Delhi Public Library
Hit Counter
free hit counter